[Event "Titled Tuesday intern op 25th Jul Early"]
[Site "Chess.com INT"]
[Date "2023.07.25"]
[Round "8"]
[White "Grandelius, Nils"]
[Black "Leon Oquendo, Jorge L"]
[Result "0-1"]
[WhiteElo "2684"]
[BlackElo "2362"]
[PlyCount "86"]
[EventDate "2023.07.25"]
[EventType "swiss (blitz)"]
[EventRounds "11"]
[EventCountry "USA"]
[SourceTitle "EXT 2024"]
[Source "ChessBase"]
[SourceDate "2023.10.10"]
[SourceVersion "1"]
[SourceVersionDate "2023.10.10"]
[SourceQuality "1"]

1. d4 Nf6 2. Nf3 d5 3. c3 Bg4 4. Ne5 Bf5 5. Qb3 Qc8 6. c4 e6 7. cxd5 exd5 8. Bg5 c6 9. Bxf6 gxf6 10. Nf3 Bd6 11. Nc3 Nd7 12. Rc1 Qb8 13. g3 Nf8 14. Bg2 Ng6 15. 0-0 Be6 16. Qc2 f5 17. e3 h5 18. Ne2 h4 19. Nf4 hxg3 20. fxg3 Qc7 21. a3 0-0-0 22. b4 Kb8 23. b5 cxb5 24. Qb3 Qb6 25. Nxd5 Bxd5 26. Qxd5 Bxa3 27. Qxf5 Bxc1 28. Rxc1 Rc8 29. Rb1 b4 30. Qxf7 a5 31. Qb3 Rc3 32. Qf7 Rhc8 33. h4 b3 34. h5 Nh8 35. Qf4+ Ka7 36. Kh2 Rc1 37. Rxc1 Rxc1 38. Nd2 b2 39. Be4 Qb4 40. Qf2 a4 41. Bb1 a3 42. e4 Rxb1 43. d5+ Ka8 0-1

[Event "Titled Tuesday intern op 18th Jul Early"]
[Site "Chess.com INT"]
[Date "2023.07.18"]
[Round "7"]
[White "Gholami Orimi, Mahdi"]
[Black "Leon Oquendo, Jorge L"]
[Result "1-0"]
[WhiteElo "2413"]
[BlackElo "2362"]
[PlyCount "53"]
[EventDate "2023.07.18"]
[EventType "swiss (blitz)"]
[EventRounds "11"]
[EventCountry "USA"]
[SourceTitle "EXT 2024"]
[Source "ChessBase"]
[SourceDate "2023.10.10"]
[SourceVersion "1"]
[SourceVersionDate "2023.10.10"]
[SourceQuality "1"]

1. Nf3 d5 2. g3 c5 3. Bg2 g6 4. d4 Bg7 5. dxc5 Nf6 6. c4 0-0 7. cxd5 Qa5+ 8. Nc3 Nxd5 9. Qxd5 Bxc3+ 10. Bd2 Bxd2+ 11. Qxd2 Qxc5 12. Rc1 Qb6 13. 0-0 Nc6 14. Rc3 Be6 15. Ng5 Rad8 16. Qf4 Qxb2 17. Qh4 h5 18. Re3 Bxa2 19. g4 Rd4 20. f4 Qb6 21. gxh5 Rd1 22. Rxd1 Qxe3+ 23. Kh1 Qxe2 24. Ra1 gxh5 25. Bf3 Qb2 26. Rg1 Rd8 27. Ne6+ 1-0

[Event "Titled Tuesday intern op 18th Jul Late"]
[Site "Chess.com INT"]
[Date "2023.07.18"]
[Round "7"]
[White "Lee, Jayden Z"]
[Black "Leon Oquendo, Jorge L"]
[Result "1/2-1/2"]
[WhiteElo "1897"]
[BlackElo "2362"]
[PlyCount "168"]
[EventDate "2023.07.18"]
[EventType "swiss (blitz)"]
[EventRounds "11"]
[EventCountry "USA"]
[SourceTitle "EXT 2024"]
[Source "ChessBase"]
[SourceDate "2023.10.10"]
[SourceVersion "1"]
[SourceVersionDate "2023.10.10"]
[SourceQuality "1"]

1. e4 c5 2. Nc3 a6 3. Nf3 b5 4. d4 cxd4 5. Nxd4 Bb7 6. Bd3 e6 7. 0-0 Qc7 8. Re1 Bd6 9. g3 h5 10. e5 Bxe5 11. Ndxb5 axb5 12. Nxb5 Qc6 13. Be4 Qxb5 14. c4 Qb6 15. Bxb7 Qxb7 16. Rxe5 Nc6 17. Re1 h4 18. b3 Nf6 19. Bg5 h3 20. Bxf6 gxf6 21. Qf3 Na5 22. Qxb7 Nxb7 23. b4 Ra3 24. Re3 Ra4 25. Rb3 Kd8 26. c5 Kc7 27. a3 Rha8 28. f3 Nd8 29. Kf2 Nc6 30. b5 Nd4 31. b6+ Kc6 32. Rd3 Kxc5 33. b7 Rb8 34. Rb1 d5 35. g4 Nc6 36. Kg3 Kd6 37. Kxh3 Kc7 38. Rdb3 Ra7 39. Kg3 Raxb7 40. Rxb7+ Rxb7 41. Ra1 Kd6 42. h4 d4 43. h5 Rb8 44. a4 Na5 45. Kf4 Kd5 46. h6 Rh8 47. Rb1 Nc6 48. Rb5+ Kd6 49. g5 fxg5+ 50. Kxg5 Rg8+ 51. Kh5 Rg1 52. a5 Rh1+ 53. Kg5 d3 54. Rb3 Ne5 55. f4 Nf3+ 56. Kg4 d2 57. Rd3+ Kc6 58. h7 Rxh7 59. Kxf3 Rh2 60. Ke3 Kb5 61. Rxd2 Rxd2 62. Kxd2 Kxa5 63. Ke3 Kb5 64. Ke4 f6 65. f5 e5 66. Kd5 Kb6 67. Ke6 e4 68. Kxf6 e3 69. Kg7 e2 70. f6 e1Q 71. f7 Qe5+ 72. Kg8 Qg5+ 73. Kh8 Qf6+ 74. Kg8 Qg6+ 75. Kh8 Qh5+ 76. Kg8 Qd5 77. Kh8 Qd4+ 78. Kg8 Qd5 79. Kh8 Qd6 80. Kg8 Qe6 81. Kh8 Qe7 82. Kg8 Qe6 83. Kh8 Qf6+ 84. Kg8 Qe6 1/2-1/2

[Event "Titled Tuesday intern op 18th Jul Late"]
[Site "Chess.com INT"]
[Date "2023.07.18"]
[Round "9"]
[White "Leon Oquendo, Jorge L"]
[Black "Dyachuk, Artem"]
[Result "0-1"]
[WhiteElo "2362"]
[BlackElo "2261"]
[PlyCount "80"]
[EventDate "2023.07.18"]
[EventType "swiss (blitz)"]
[EventRounds "11"]
[EventCountry "USA"]
[SourceTitle "EXT 2024"]
[Source "ChessBase"]
[SourceDate "2023.10.10"]
[SourceVersion "1"]
[SourceVersionDate "2023.10.10"]
[SourceQuality "1"]

1. d4 Nf6 2. c4 e6 3. Nc3 c5 4. d5 exd5 5. cxd5 d6 6. Nf3 g6 7. Bf4 Bg7 8. h3 0-0 9. e3 Ne8 10. Be2 Nd7 11. 0-0 Ne5 12. Bh2 f5 13. Nd2 Bd7 14. a4 g5 15. f4 gxf4 16. exf4 Nf7 17. Nc4 b6 18. Bd3 a6 19. Ne3 Qf6 20. Qc2 Nh6 21. Kh1 Nc7 22. Rg1 b5 23. g4 fxg4 24. hxg4 Qh4 25. f5 Rae8 26. Ne4 Be5 27. axb5 Nxb5 28. Rxa6 Nd4 29. Qg2 Nf3 30. Nf1 Nxg1 31. Kxg1 Bxh2+ 32. Nxh2 Qe1+ 33. Nf1 Kh8 34. Rxd6 Nxg4 35. Rxd7 Rg8 36. Neg3 Nf6 37. Rf7 Re3 38. Rxf6 Rexg3 39. Be4 Rxg2+ 40. Bxg2 Qe2 0-1

[Event "Titled Tuesday intern op 18th Jul Late"]
[Site "Chess.com INT"]
[Date "2023.07.18"]
[Round "6"]
[White "Leon Oquendo, Jorge L"]
[Black "Kramnik, Vladimir"]
[Result "0-1"]
[WhiteElo "2362"]
[BlackElo "2753"]
[PlyCount "126"]
[EventDate "2023.07.18"]
[EventType "swiss (blitz)"]
[EventRounds "11"]
[EventCountry "USA"]
[SourceTitle "EXT 2024"]
[Source "ChessBase"]
[SourceDate "2023.10.10"]
[SourceVersion "1"]
[SourceVersionDate "2023.10.10"]
[SourceQuality "1"]

1. d4 Nf6 2. c4 e6 3. Nc3 d5 4. Bg5 Be7 5. e3 h6 6. Bh4 0-0 7. Nf3 b6 8. cxd5 Nxd5 9. Bxe7 Qxe7 10. Nxd5 exd5 11. Be2 Rd8 12. 0-0 c5 13. dxc5 bxc5 14. Qa4 Be6 15. Rac1 Nd7 16. Qa5 Qd6 17. b3 Qb6 18. Qa6 Nf6 19. Rfd1 Rac8 20. h3 Ne4 21. Nd2 Nd6 22. Nf3 Nf5 23. Bd3 Ne7 24. Qa3 a5 25. Bf1 Qb4 26. Qb2 a4 27. Qc3 Qa3 28. Ne5 d4 29. Qa5 Qxa2 30. bxa4 Nf5 31. Bc4 Bxc4 32. Rxc4 Ra8 33. Qd2 Qxd2 34. Rxd2 dxe3 35. Rxd8+ Rxd8 36. fxe3 Nxe3 37. Rxc5 Rd2 38. g4 f6 39. Rc8+ Kh7 40. Nf3 Rg2+ 41. Kh1 Rf2 42. Nd4 Rf1+ 43. Kh2 Ra1 44. Ra8 Ra2+ 45. Kg3 Nf1+ 46. Kf3 Ra3+ 47. Ke4 Rxh3 48. a5 Re3+ 49. Kd5 Ra3 50. a6 Ne3+ 51. Kc6 Nxg4 52. Nb5 Ne5+ 53. Kb7 Rb3 54. Kb6 Nc4+ 55. Kc5 Ne5 56. a7 Nd7+ 57. Kc4 Nb6+ 58. Kxb3 Nxa8 59. Kb4 h5 60. Kc5 h4 61. Kc6 h3 62. Nc7 h2 63. Nxa8 h1Q+ 0-1

[Event "Titled Tuesday intern op 18th Jul Late"]
[Site "Chess.com INT"]
[Date "2023.07.18"]
[Round "5"]
[White "Makarian, Rudik"]
[Black "Leon Oquendo, Jorge L"]
[Result "1-0"]
[WhiteElo "2541"]
[BlackElo "2362"]
[PlyCount "81"]
[EventDate "2023.07.18"]
[EventType "swiss (blitz)"]
[EventRounds "11"]
[EventCountry "USA"]
[SourceTitle "EXT 2024"]
[Source "ChessBase"]
[SourceDate "2023.10.10"]
[SourceVersion "1"]
[SourceVersionDate "2023.10.10"]
[SourceQuality "1"]

1. Nf3 d5 2. c4 e6 3. g3 Nf6 4. Bg2 Be7 5. 0-0 0-0 6. b3 b6 7. Bb2 Bb7 8. cxd5 Nxd5 9. Nc3 Bf6 10. Qc1 Nd7 11. Nxd5 Bxb2 12. Qxb2 Bxd5 13. b4 c5 14. bxc5 Nxc5 15. Rac1 Qd6 16. d3 Rac8 17. Qa3 Qd7 18. Ne5 Qa4 19. Qxa4 Nxa4 20. Bxd5 exd5 21. Nc6 Rc7 22. Nb4 Rfc8 23. Rxc7 Rxc7 24. Nxd5 Rc2 25. e4 Rxa2 26. Rc1 h6 27. Rc8+ Kh7 28. Rc7 Nc5 29. Rxf7 Nxd3 30. h4 b5 31. h5 Kg8 32. Rb7 Nxf2 33. e5 Nh3+ 34. Kf1 Ng5 35. Rxb5 Kf7 36. Nf4 a5 37. Rb7+ Kf8 38. e6 Rd2 39. Ng6+ Ke8 40. e7 Kf7 41. Rb8 1-0

[Event "Titled Tuesday intern op 18th Jul Early"]
[Site "Chess.com INT"]
[Date "2023.07.18"]
[Round "9"]
[White "Oro, Faustino"]
[Black "Leon Oquendo, Jorge L"]
[Result "1-0"]
[WhiteElo "2316"]
[BlackElo "2362"]
[PlyCount "147"]
[EventDate "2023.07.18"]
[EventType "swiss (blitz)"]
[EventRounds "11"]
[EventCountry "USA"]
[SourceTitle "EXT 2024"]
[Source "ChessBase"]
[SourceDate "2023.10.10"]
[SourceVersion "1"]
[SourceVersionDate "2023.10.10"]
[SourceQuality "1"]

1. e4 c5 2. Nf3 d6 3. c3 Nf6 4. Bd3 g6 5. h3 Bg7 6. 0-0 0-0 7. Bc2 Nc6 8. d4 cxd4 9. cxd4 Nb4 10. Nc3 Nxc2 11. Qxc2 Bd7 12. Bf4 Rc8 13. Qd2 b5 14. e5 b4 15. Ne2 Nd5 16. Bh6 Bb5 17. Bxg7 Kxg7 18. Rfe1 Bxe2 19. Rxe2 Rc4 20. Rae1 Qc7 21. Qg5 h6 22. Qg3 Rd8 23. Nh4 dxe5 24. Rxe5 Rc1 25. Rxc1 Qxc1+ 26. Kh2 e6 27. Re2 Qf4 28. Nf3 Qxg3+ 29. Kxg3 Rc8 30. Ne5 Rc1 31. f3 a5 32. a3 b3 33. Nd3 g5 34. Kf2 a4 35. Rd2 Rc4 36. Nc5 h5 37. g3 Rc2 38. Ke1 Rc1+ 39. Ke2 Rh1 40. Nxa4 Rxh3 41. Nc5 Rxg3 42. Kf2 h4 43. Ne4 Rh3 44. Nxg5 Rh2+ 45. Ke1 Rxd2 46. Kxd2 Kg6 47. Nh3 Kf5 48. a4 Nf4 49. Nf2 h3 50. a5 h2 51. a6 Nd5 52. a7 Nb6 53. Ke3 f6 54. Nh1 Kg5 55. Kf2 Kf4 56. Ng3 Na8 57. Ne2+ Kf5 58. Kg2 e5 59. d5 Kg6 60. Kxh2 Kf7 61. Nc1 Ke7 62. Nxb3 Kd6 63. Nd2 Kxd5 64. Kg3 f5 65. Nb1 Kd4 66. Nc3 Kd3 67. Nd5 Kc2 68. b4 Kd3 69. b5 e4 70. fxe4 fxe4 71. b6 e3 72. b7 e2 73. Nf4+ Ke3 74. Nxe2 1-0

[Event "Titled Tuesday intern op 18th Jul Late"]
[Site "Chess.com INT"]
[Date "2023.07.18"]
[Round "10"]
[White "Vivaan, Vishal Shah"]
[Black "Leon Oquendo, Jorge L"]
[Result "0-1"]
[WhiteElo "2047"]
[BlackElo "2362"]
[PlyCount "156"]
[EventDate "2023.07.18"]
[EventType "swiss (blitz)"]
[EventRounds "11"]
[EventCountry "USA"]
[SourceTitle "EXT 2024"]
[Source "ChessBase"]
[SourceDate "2023.10.10"]
[SourceVersion "1"]
[SourceVersionDate "2023.10.10"]
[SourceQuality "1"]

1. e4 e6 2. d4 b6 3. Nf3 Bb7 4. Bd3 h6 5. 0-0 g5 6. Re1 d6 7. c4 Ne7 8. Nc3 Bg7 9. Be3 Nd7 10. Qd2 a6 11. Rad1 g4 12. Nh4 Bf6 13. g3 Bxh4 14. gxh4 Ng6 15. h5 Nh4 16. Qe2 Nf3+ 17. Kh1 Qh4 18. Bf4 Nxe1 19. Rxe1 Qxh5 20. Bg3 Qg5 21. d5 h5 22. h4 gxh3 23. Rg1 Qf6 24. f4 0-0-0 25. e5 dxe5 26. fxe5 Qe7 27. Be4 Rhg8 28. d6 Qg5 29. Qf3 Nc5 30. Bxb7+ Nxb7 31. Qc6 Rd7 32. Bf2 Qd8 33. Bxb6 Rxg1+ 34. Bxg1 Qg8 35. c5 f6 36. Na4 Qg2+ 37. Qxg2 hxg2+ 38. Kxg2 fxe5 39. c6 Rxd6 40. cxb7+ Kxb7 41. Nc5+ Kc6 42. Ne4 Rd5 43. Kf3 Rd3+ 44. Ke2 Rh3 45. Nf2 Rg3 46. Bh2 Rg2 47. Bxe5 Kd5 48. Bxc7 h4 49. Kf3 Rg7 50. Bh2 e5 51. b3 a5 52. Ng4 e4+ 53. Kf4 Kd4 54. Kf5 Kd3 55. Ne5+ Kd4 56. Nc6+ Kd3 57. Ne5+ Kc2 58. Kxe4 Rg2 59. Nf3 Kb2 60. Be5+ Kxa2 61. Nxh4 Rg4+ 62. Kd5 Rxh4 63. Bc7 Kxb3 64. Kc6 a4 65. Bd8 Rh3 66. Bf6 a3 67. Kd5 a2 68. Kd4 Rc3 69. Kd5 a1Q 70. Bxc3 Qxc3 71. Ke6 Qd4 72. Kf7 Kc4 73. Kg8 Kd3 74. Kh7 Ke4 75. Kg8 Kf5 76. Kh7 Qd7+ 77. Kg8 Kg6 78. Kh8 Qh7# 0-1

[Event "Titled Tuesday intern op 11th Jul Early"]
[Site "Chess.com INT"]
[Date "2023.07.11"]
[Round "7"]
[White "Jarovinsky, Alexey"]
[Black "Leon Oquendo, Jorge L"]
[Result "1-0"]
[WhiteElo "2305"]
[BlackElo "2362"]
[PlyCount "53"]
[EventDate "2023.07.11"]
[EventType "swiss (blitz)"]
[EventRounds "11"]
[EventCountry "USA"]
[SourceTitle "EXT 2024"]
[Source "ChessBase"]
[SourceDate "2023.10.10"]
[SourceVersion "1"]
[SourceVersionDate "2023.10.10"]
[SourceQuality "1"]

1. Nc3 c5 2. e4 Nc6 3. Bb5 e6 4. Bxc6 bxc6 5. d3 d5 6. Nf3 Nf6 7. 0-0 Be7 8. b3 0-0 9. Ba3 Qa5 10. Bb2 c4 11. e5 Nd7 12. dxc4 dxc4 13. Re1 Rd8 14. Qc1 Nb6 15. Ne4 Qd5 16. Qf4 c5 17. Nf6+ gxf6 18. exf6 Bf8 19. Re5 Qd7 20. Rae1 Bb7 21. Rg5+ Kh8 22. Ne5 Qe8 23. Qh4 Rd2 24. Rh5 Bh6 25. Rxh6 Qg8 26. g3 Rad8 27. Qh5 1-0

[Event "Titled Tuesday intern op 11th Jul Late"]
[Site "Chess.com INT"]
[Date "2023.07.11"]
[Round "7"]
[White "Makarian, Rudik"]
[Black "Leon Oquendo, Jorge L"]
[Result "1-0"]
[WhiteElo "2541"]
[BlackElo "2362"]
[PlyCount "71"]
[EventDate "2023.07.11"]
[EventType "swiss (blitz)"]
[EventRounds "11"]
[EventCountry "USA"]
[SourceTitle "EXT 2024"]
[Source "ChessBase"]
[SourceDate "2023.10.10"]
[SourceVersion "1"]
[SourceVersionDate "2023.10.10"]
[SourceQuality "1"]

1. d4 g6 2. c4 Bg7 3. Nc3 d6 4. Nf3 Nd7 5. e4 e6 6. Be2 Ne7 7. 0-0 b6 8. Bf4 Bb7 9. Qd2 h6 10. Rfe1 g5 11. Bg3 Ng6 12. h3 Nf6 13. d5 e5 14. Nh2 Nf4 15. Ng4 Nxg4 16. Bxg4 h5 17. Bf5 Bh6 18. Qc2 g4 19. h4 Bg7 20. b4 Bf6 21. c5 Bxh4 22. Bxf4 exf4 23. e5 dxe5 24. Rxe5+ Kf8 25. Rae1 Bf6 26. Qe4 Bxe5 27. Qxe5 Rh6 28. Qxf4 Kg7 29. Re5 bxc5 30. bxc5 Ba6 31. Be4 Qf6 32. Rg5+ Kh8 33. Rf5 Qg7 34. Rxf7 Qxc3 35. Qxh6+ Kg8 36. Qh7# 1-0

[Event "Titled Tuesday intern op 27th Jun Early"]
[Site "Chess.com INT"]
[Date "2023.06.27"]
[Round "6"]
[White "Boraso, Alessio"]
[Black "Leon Oquendo, Jorge L"]
[Result "0-1"]
[WhiteElo "2330"]
[BlackElo "2359"]
[PlyCount "114"]
[EventDate "2023.06.27"]
[EventType "swiss (blitz)"]
[EventRounds "11"]
[EventCountry "USA"]
[SourceTitle "EXT 2024"]
[Source "ChessBase"]
[SourceDate "2023.10.10"]
[SourceVersion "1"]
[SourceVersionDate "2023.10.10"]
[SourceQuality "1"]

1. e4 c6 2. d4 d5 3. e5 Bf5 4. Nc3 e6 5. g4 Bg6 6. Nge2 h6 7. Nf4 Bh7 8. Bd3 Bxd3 9. Qxd3 c5 10. Be3 cxd4 11. Bxd4 Nc6 12. 0-0-0 Rc8 13. Kb1 Qa5 14. Qb5 Qxb5 15. Nxb5 a6 16. Na7 Nxa7 17. Bxa7 Ne7 18. h4 Nc6 19. Bd4 Nxd4 20. Rxd4 Bc5 21. Rd2 Ke7 22. Nd3 Bb6 23. h5 Rc4 24. f4 Be3 25. Re2 Bxf4 26. Rf1 Bg5 27. b3 Rxg4 28. Nc5 Rb8 29. Ref2 f6 30. Re2 f5 31. c4 dxc4 32. Rd1 b6 33. Nxa6 Rc8 34. Rf1 cxb3 35. axb3 b5 36. Rd1 Rc6 37. Nb8 Rc7 38. Na6 Rc3 39. Rc2 Rxc2 40. Kxc2 Rg2+ 41. Kc3 f4 42. Nb8 f3 43. Nc6+ Ke8 44. Kd3 f2 45. Ke2 Rg1 46. Rf1 Rxf1 47. Kxf1 Be3 48. Nb4 Bd4 49. Nc6 Bc5 50. Na5 Kd7 51. Nb7 Bd4 52. Na5 Kc7 53. b4 Bxe5 54. Kxf2 Bc3 55. Nb3 Bxb4 56. Kf3 Bc3 57. Ke4 Kd6 0-1

[Event "Titled Tuesday intern op 27th Jun Early"]
[Site "Chess.com INT"]
[Date "2023.06.27"]
[Round "4"]
[White "Durarbayli, Vasif"]
[Black "Leon Oquendo, Jorge L"]
[Result "1-0"]
[WhiteElo "2627"]
[BlackElo "2359"]
[PlyCount "149"]
[EventDate "2023.06.27"]
[EventType "swiss (blitz)"]
[EventRounds "11"]
[EventCountry "USA"]
[SourceTitle "EXT 2024"]
[Source "ChessBase"]
[SourceDate "2023.10.10"]
[SourceVersion "1"]
[SourceVersionDate "2023.10.10"]
[SourceQuality "1"]

1. e4 c6 2. d4 d5 3. exd5 cxd5 4. c4 e6 5. Nc3 Nf6 6. Nf3 Be7 7. cxd5 exd5 8. Bd3 0-0 9. h3 Nc6 10. 0-0 h6 11. Re1 Bd6 12. a3 a6 13. Bc2 Re8 14. Rxe8+ Qxe8 15. Qd3 Ne7 16. Be3 Bf5 17. Qd2 Bxc2 18. Qxc2 b5 19. Re1 Rc8 20. Qb3 Qc6 21. Ne5 Bxe5 22. dxe5 Nd7 23. Qb4 Nf5 24. Qg4 Qe6 25. Nxd5 Kf8 26. Qb4+ Kg8 27. Qe4 Re8 28. Bf4 Nc5 29. Nc7 Nxe4 30. Nxe6 fxe6 31. Rxe4 Rc8 32. g4 Ne7 33. Re2 Nd5 34. Bg3 Rc1+ 35. Kg2 Kf8 36. f4 g6 37. Kf3 Ke7 38. Ke4 Rg1 39. Bh2 Rh1 40. f5 gxf5+ 41. gxf5 Rf1 42. f6+ Kf7 43. Rg2 Re1+ 44. Kd4 Rd1+ 45. Kc5 Ne3 46. Rg7+ Kf8 47. Bf4 Nf5 48. Rh7 Rd5+ 49. Kc6 Rd4 50. Bxh6+ Nxh6 51. Rxh6 Rd5 52. Rh8+ Kf7 53. Rh7+ Kf8 54. Ra7 Rxe5 55. Rxa6 Re2 56. b4 Re5 57. Kd6 Re3 58. Ra7 Rxh3 59. Kxe6 Re3+ 60. Kd5 Rf3 61. Kc6 Rf5 62. Kb6 Rxf6+ 63. Kxb5 Rf3 64. a4 Ke8 65. a5 Kd8 66. a6 Kc8 67. Rb7 Rf5+ 68. Kb6 Rf6+ 69. Ka7 Rd6 70. b5 Re6 71. b6 Rh6 72. Rc7+ Kd8 73. Kb7 Rh1 74. a7 Ra1 75. a8Q+ 1-0

[Event "Titled Tuesday intern op 27th Jun Early"]
[Site "Chess.com INT"]
[Date "2023.06.27"]
[Round "11"]
[White "Leon Oquendo, Jorge L"]
[Black "Weetik, Vjacheslav"]
[Result "1/2-1/2"]
[WhiteElo "2359"]
[BlackElo "2423"]
[PlyCount "90"]
[EventDate "2023.06.27"]
[EventType "swiss (blitz)"]
[EventRounds "11"]
[EventCountry "USA"]
[SourceTitle "EXT 2024"]
[Source "ChessBase"]
[SourceDate "2023.10.10"]
[SourceVersion "1"]
[SourceVersionDate "2023.10.10"]
[SourceQuality "1"]

1. e4 c6 2. d3 d5 3. Qe2 g6 4. Nf3 Bg7 5. g3 Bg4 6. Bg2 e5 7. 0-0 Ne7 8. h3 Bxf3 9. Bxf3 0-0 10. Bg2 Nd7 11. Nc3 dxe4 12. Nxe4 Qc7 13. a4 Rad8 14. a5 a6 15. Bd2 Rfe8 16. Bb4 c5 17. Bd2 Nf5 18. c3 h6 19. Rfe1 Ne7 20. Be3 Nd5 21. h4 Nxe3 22. Qxe3 f5 23. Nd2 Nf6 24. Nc4 e4 25. dxe4 Nxe4 26. Rad1 Rxd1 27. Rxd1 Qf7 28. Qd3 Kh7 29. Bxe4 fxe4 30. Qd5 Qf3 31. h5 gxh5 32. Ne3 Rf8 33. Rd2 h4 34. gxh4 Rf6 35. h5 Rf4 36. Qxc5 Rg4+ 37. Nxg4 Qxg4+ 38. Kf1 Qh3+ 39. Kg1 Qg4+ 40. Kf1 Qh3+ 41. Ke2 Qf3+ 42. Ke1 Qh1+ 43. Ke2 Qf3+ 44. Kf1 Qh1+ 45. Ke2 Qf3+ 1/2-1/2

[Event "Titled Tuesday intern op 27th Jun Early"]
[Site "Chess.com INT"]
[Date "2023.06.27"]
[Round "10"]
[White "Luukkonen, Tommi"]
[Black "Leon Oquendo, Jorge L"]
[Result "0-1"]
[WhiteElo "2279"]
[BlackElo "2359"]
[PlyCount "68"]
[EventDate "2023.06.27"]
[EventType "swiss (blitz)"]
[EventRounds "11"]
[EventCountry "USA"]
[SourceTitle "EXT 2024"]
[Source "ChessBase"]
[SourceDate "2023.10.10"]
[SourceVersion "1"]
[SourceVersionDate "2023.10.10"]
[SourceQuality "1"]

1. e4 c5 2. d4 cxd4 3. Qxd4 Nc6 4. Qd3 g6 5. Nc3 Bg7 6. Nf3 d6 7. Be2 Nf6 8. 0-0 0-0 9. Nd5 Bg4 10. Bg5 Nxd5 11. exd5 Bxf3 12. Qxf3 Nd4 13. Qd3 h6 14. Be3 Nxe2+ 15. Qxe2 b5 16. c3 a6 17. a4 Qd7 18. Qd2 h5 19. Bd4 Rfb8 20. a5 Rc8 21. Rfe1 Bxd4 22. Qxd4 Rc4 23. Qb6 Qa7 24. Qe3 Qxe3 25. Rxe3 Kf8 26. Rae1 Ra7 27. b4 Rac7 28. f3 Rxc3 29. h4 Rxe3 30. Rxe3 Rc4 31. Kf2 Rxb4 32. Rc3 Rc4 33. Rxc4 bxc4 34. Ke3 e6 0-1

[Event "Titled Tuesday intern op 20th Jun Late"]
[Site "Chess.com INT"]
[Date "2023.06.20"]
[Round "10"]
[White "Indjic, Aleksandar"]
[Black "Leon Oquendo, Jorge L"]
[Result "1-0"]
[WhiteElo "2613"]
[BlackElo "2359"]
[PlyCount "37"]
[EventDate "2023.06.20"]
[EventType "swiss (blitz)"]
[EventRounds "11"]
[EventCountry "USA"]
[SourceTitle "EXT 2024"]
[Source "ChessBase"]
[SourceDate "2023.10.10"]
[SourceVersion "1"]
[SourceVersionDate "2023.10.10"]
[SourceQuality "1"]

1. c4 e5 2. Nf3 e4 3. Nd4 Nc6 4. e3 Nxd4 5. exd4 Nf6 6. Nc3 d5 7. d3 exd3 8. Bxd3 dxc4 9. Bxc4 Be7 10. 0-0 0-0 11. Re1 c6 12. Bf4 h6 13. Be5 Bf5 14. Qf3 Bg6 15. Qg3 Kh7 16. Rad1 Bd6 17. Bxd6 Nh5 18. Qe5 f6 19. Qe7 1-0

[Event "Titled Tuesday intern op 20th Jun Late"]
[Site "Chess.com INT"]
[Date "2023.06.20"]
[Round "11"]
[White "Leon Oquendo, Jorge L"]
[Black "Kovalevsky, Stanislav"]
[Result "1-0"]
[WhiteElo "2359"]
[BlackElo "2226"]
[PlyCount "101"]
[EventDate "2023.06.20"]
[EventType "swiss (blitz)"]
[EventRounds "11"]
[EventCountry "USA"]
[SourceTitle "EXT 2024"]
[Source "ChessBase"]
[SourceDate "2023.10.10"]
[SourceVersion "1"]
[SourceVersionDate "2023.10.10"]
[SourceQuality "1"]

1. d4 Nf6 2. c4 e6 3. Nc3 Bb4 4. f3 d5 5. a3 Bxc3+ 6. bxc3 b6 7. cxd5 exd5 8. e3 0-0 9. Bd3 Re8 10. Ne2 Ba6 11. 0-0 Qd7 12. Bxa6 Nxa6 13. Ng3 c5 14. Qd3 Nc7 15. Ra2 Rac8 16. a4 Ne6 17. a5 b5 18. a6 cxd4 19. cxd4 Rc4 20. Bd2 Rec8 21. Rb1 Ne8 22. Rab2 Nd6 23. Nf5 Nf4 24. Nh6+ gxh6 25. exf4 R8c6 26. g4 Rxa6 27. f5 Qe7 28. Bxh6 Qf6 29. Be3 h5 30. h3 Qh4 31. Bf4 Qxh3 32. Rh2 Rxd4 33. Qxd4 Qxf3 34. Rf1 Qe4 35. Qxe4 Nxe4 36. Rxh5 b4 37. Rb1 Rb6 38. Be3 Rb7 39. g5 Ng3 40. Rh3 Nxf5 41. Bc5 a5 42. Rf3 Nh4 43. Rf4 Ng6 44. Rf5 Rb5 45. Rxd5 Nf4 46. Rd8+ Kh7 47. Bd4 Ne2+ 48. Kf2 Nxd4 49. Rxd4 Rxg5 50. Rbd1 Rb5 51. Rd5 1-0

[Event "Titled Tuesday intern op 20th Jun Late"]
[Site "Chess.com INT"]
[Date "2023.06.20"]
[Round "6"]
[White "Steinberg, Nitzan"]
[Black "Leon Oquendo, Jorge L"]
[Result "1/2-1/2"]
[WhiteElo "2543"]
[BlackElo "2359"]
[PlyCount "131"]
[EventDate "2023.06.20"]
[EventType "swiss (blitz)"]
[EventRounds "11"]
[EventCountry "USA"]
[SourceTitle "EXT 2024"]
[Source "ChessBase"]
[SourceDate "2023.10.10"]
[SourceVersion "1"]
[SourceVersionDate "2023.10.10"]
[SourceQuality "1"]

1. Nf3 d5 2. g3 Nf6 3. Bg2 e6 4. 0-0 Be7 5. d3 0-0 6. Nbd2 Nc6 7. e4 dxe4 8. dxe4 e5 9. c3 Be6 10. Qe2 h6 11. Rd1 Bd6 12. Nc4 Qe7 13. Nh4 Rfd8 14. Nf5 Bxf5 15. exf5 e4 16. Nxd6 Rxd6 17. Bf4 Rxd1+ 18. Rxd1 Re8 19. Qb5 Nd8 20. Qa5 Nc6 21. Qxc7 Qxc7 22. Bxc7 Ne7 23. Rd8 Nxf5 24. Rxe8+ Nxe8 25. Bb8 Nfd6 26. Bxa7 f5 27. f3 Kf7 28. Kf2 Ke6 29. Bd4 g5 30. fxe4 Nxe4+ 31. Ke3 N4d6 32. b3 Nf6 33. Bxf6 Kxf6 34. Kd4 Ke6 35. a4 f4 36. gxf4 gxf4 37. b4 Nf5+ 38. Ke4 Ne3 39. Bh3+ Kd6 40. a5 Nd1 41. Kd4 f3 42. Bf1 f2 43. c4 Nb2 44. c5+ Kc6 45. Kc3 Nd1+ 46. Kd2 Nb2 47. Ke3 Nd1+ 48. Ke2 Nc3+ 49. Kxf2 Na2 50. Bg2+ Kb5 51. Bxb7 Nxb4 52. a6 Nxa6 53. Bxa6+ Kxc5 54. Ke3 Kd6 55. Kf4 Ke7 56. Kf5 Kf8 57. Kg6 Kg8 58. Bc4+ Kh8 59. h3 h5 60. Kxh5 Kg7 61. Kg5 Kh8 62. h4 Kh7 63. h5 Kh8 64. h6 Kh7 65. Kh5 Kh8 66. Kg6 1/2-1/2

[Event "Gulf Coast op 8th"]
[Site "Estero"]
[Date "2023.01.08"]
[Round "5"]
[White "Leon Oquendo, Jorge L"]
[Black "Kaufman, Raymond"]
[Result "1/2-1/2"]
[WhiteElo "2361"]
[BlackElo "2156"]
[PlyCount "148"]
[EventDate "2023.01.07"]
[EventType "swiss"]
[EventRounds "5"]
[EventCountry "USA"]
[SourceTitle "CBM 212 Extra"]
[Source "ChessBase"]
[SourceDate "2023.03.31"]
[SourceVersion "1"]
[SourceVersionDate "2023.03.31"]
[SourceQuality "1"]

1. d4 Nf6 2. Nf3 g6 3. c4 Bg7 4. Nc3 d5 5. cxd5 Nxd5 6. Bd2 c5 7. Rc1 Nxc3 8. Bxc3 cxd4 9. Nxd4 0-0 10. e3 Bd7 11. Be2 Nc6 12. Nb3 Bf5 13. 0-0 Qb6 14. Bxg7 Kxg7 15. Rc5 Rac8 16. Qd2 Rfd8 17. Qc3+ f6 18. Rb5 Qc7 19. Rc1 b6 20. Bf3 Qd7 21. Rd5 Qe8 22. Rxd8 Nxd8 23. Qd2 Rxc1+ 24. Qxc1 e5 25. Qc3 Qd7 26. h3 Nf7 27. Nd2 Ng5 28. Be2 h5 29. Nc4 h4 30. Qb4 Ne4 31. a4 g5 32. Bf3 Nc5 33. a5 Nd3 34. Qc3 b5 35. Nd2 b4 36. Qc4 Be6 37. Qc2 Ne1 38. Qc1 Nxf3+ 39. Nxf3 Bf7 40. Qc5 b3 41. a6 Kg6 42. Kh2 Kg7 43. Qb4 Qc7 44. Qb7 Qd6 45. Kh1 Qd1+ 46. Kh2 Qd6 47. Kg1 Qd1+ 48. Kh2 Qd6 49. Kh1 Qd1+ 50. Ng1 Qc2 51. Qxa7 Qxb2 52. Qb7 Qa1 53. a7 b2 54. a8Q Qxa8 55. Qxb2 Bd5 56. f3 Bc4 57. f4 Qe4 58. fxg5 fxg5 59. Nf3 Qxe3 60. Qxe5+ Qxe5 61. Nxe5 Be2 62. Ng4 Bxg4 63. hxg4 Kf6 64. g3 hxg3 65. Kg2 Ke5 66. Kxg3 Ke4 67. Kh3 Kf3 68. Kh2 Kxg4 69. Kg2 Kf4 70. Kf2 g4 71. Kg2 g3 72. Kg1 Kf3 73. Kf1 g2+ 74. Kg1 Kg3 1/2-1/2